Statystyki dla Drugie największe miasto w krajach Europy #1

Kliknij tutaj aby rozwiązać quiz!

Ogólne statystyki

  • Ten quiz został rozwiązany 17 razy
  • Średni wynik to 2 z 7

Odpowiedzi na mapie

Odpowiedzi skodowane kolorowo w zielono-czerwonej skali na mapie do tego quizu, zgodnie z poniższymi procentami.
 

Statystyki odpowiedzi

Miasto% Poprawnych
Kraków
100%
Bitola
18%
Nis
18%
Balti
12%
Cluj-Napoca
12%
Prizren
12%
Plovdiv
6%

Rozkład punktacji

Percentyl według liczby udzielonych odpowiedzi

Procent ludzi z każdym wynikiem

Twoja historia wyników

Nie rozwiązałeś tego quizu